|
|
|
|
| LEADER |
01637nam a2200445 4500 |
| 001 |
ocn923739398 |
| 003 |
OCoLC |
| 005 |
20180501122027.0 |
| 006 |
m o d |
| 007 |
cr cnu---unuuu |
| 008 |
151012s2015 ne ob 001 0 eng d |
| 040 |
|
|
|a OPELS
|b eng
|e rda
|e pn
|c OPELS
|d N$T
|d IDEBK
|d CDX
|d OCLCQ
|d UAB
|d GrThAP
|
| 019 |
|
|
|a 922327333
|
| 020 |
|
|
|a 9780128022788
|
| 020 |
|
|
|a 9780128024768
|
| 020 |
|
|
|a 0128024763
|
| 035 |
|
|
|a (OCoLC)923739398
|z (OCoLC)922327333
|
| 050 |
|
4 |
|a QH581.2
|
| 072 |
|
7 |
|a MED
|x 005000
|2 bisacsh
|
| 072 |
|
7 |
|a SCI
|x 036000
|2 bisacsh
|
| 082 |
0 |
4 |
|a 571.6
|2 23
|
| 049 |
|
|
|a TEFA
|
| 245 |
0 |
0 |
|a International review of cell and molecular biology.
|n Volume 319 /
|c edited by Kwang W. Jeon.
|
| 246 |
3 |
|
|a International review of cell and molecular biology.
|n Volume three hundred and nineteen
|
| 264 |
|
1 |
|a Amsterdam :
|b Academic Press,
|c 2015.
|
| 300 |
|
|
|a 1 online resource
|
| 336 |
|
|
|a text
|b txt
|2 rdacontent
|
| 337 |
|
|
|a computer
|b c
|2 rdamedia
|
| 338 |
|
|
|a online resource
|b cr
|2 rdacarrier
|
| 504 |
|
|
|a Includes bibliographical references and index.
|
| 588 |
0 |
|
|a Title details screen (ScienceDirect, viewed on October 12, 2015).
|
| 650 |
|
0 |
|a Cytology.
|
| 650 |
|
0 |
|a Molecular biology.
|
| 650 |
|
7 |
|a MEDICAL / Anatomy
|2 bisacsh
|
| 650 |
|
7 |
|a SCIENCE / Life Sciences / Human Anatomy & Physiology
|2 bisacsh
|
| 650 |
|
7 |
|a Cytology.
|2 fast
|0 (OCoLC)fst00886282
|
| 650 |
|
7 |
|a Molecular biology.
|2 fast
|0 (OCoLC)fst01024734
|
| 655 |
|
4 |
|a Electronic books.
|
| 700 |
1 |
|
|a Jeon, Kwang W.,
|e editor.
|
| 856 |
4 |
0 |
|u https://www.sciencedirect.com/science/bookseries/19376448/319
|z Full Text via HEAL-Link
|